The Holothurioidea /
Saved in:
| Main Author: | |
|---|---|
| Corporate Author: | |
| Format: | Book Chapter |
| Language: | German |
| Published: |
Cambridge :
Printed for the Museum,
1894.
|
| Series: | Memoirs of the Museum of Comparative Zoölogy at Harvard College ;
v. 17, no. 3. Museum of Comparative Zoology--Biodiversity Heritage Library digitization project. |
| Subjects: | |
| Tags: |
Add Tag
No Tags, Be the first to tag this record!
|
| LEADER | 01439caa a2200337I 4500 | ||
|---|---|---|---|
| 001 | 005231663-7 | ||
| 005 | 20101203151633.0 | ||
| 008 | 751204s1894 mauf b 000 0 ger | ||
| 010 | |a a 19001064 | ||
| 035 | 0 | |a ocm01875913 | |
| 040 | |a DLC |c FQG |d OCL |d HMZ | ||
| 041 | |a ger | ||
| 050 | 0 | |a QL1 |b .H375 vol. 17, no. 3 | |
| 100 | 1 | |a Ludwig, Hubert, |d 1852-1913. | |
| 245 | 0 | 4 | |a The Holothurioidea / |c by Hubert Ludwig. |
| 260 | |a Cambridge : |b Printed for the Museum, |c 1894. | ||
| 300 | |a 183 p., XIX pl. (part col.) : |b ill. ; |c 29 cm. | ||
| 490 | 1 | |a Memoirs of the Museum of Comparative Zoölogy at Harvard College ; |v v. 17, no. 3 | |
| 500 | |a Each plate accompanied by leaf with descriptive letterpress. | ||
| 500 | |a Text in German. | ||
| 500 | |a Reports of an exploration off the west coasts of Mexico, Central and South America and off the Galapagos Islands ... by the U.S. Fish Commission steamer "Albatross," during 1891 ... XII. | ||
| 504 | |a Includes bibliographical references. | ||
| 610 | 2 | 0 | |a Albatross (Steamer) |
| 650 | 0 | |a Sea cucumbers. | |
| 611 | 2 | 0 | |a Albatross Expedition |d (1891) |
| 773 | 0 | |a Mus. Comp. Zool., Cambridge. |t Memoirs. |g XVII. 3. | |
| 711 | 2 | |a Albatross Expedition |d (1891) | |
| 830 | 0 | |a Memoirs of the Museum of Comparative Zoölogy at Harvard College ; |v v. 17, no. 3. | |
| 830 | 0 | |a Museum of Comparative Zoology--Biodiversity Heritage Library digitization project. |5 net | |
| 988 | |a 20020608 | ||
| 906 | |0 DLC | ||


